000 00473nam a22002057a 4500
001 22158
005 20260330112400.0
008 260330b |||||||| |||| 00| 0 spa d
041 _aESP
082 _a345.5
_bP87
100 _aCubas Villanueva, Victor
_eAUT
245 _aEl proceso inmediato
260 _a :
_b ,
_c2017
300 _a383 páginas :
_b ;
_c25 cm.
440 _a ;
650 _aDER
654 _aCDE
700 _a;
942 _cLIB
_dJUS
_fJUS
_n0
_2ddc
999 _c22158
_d22158